=LDR 00000nam 2200000 4500 =001 INLIS000000000014521 =005 20130612105812 =008 ***********************************Ind** =035 ##$$0010-061300000014521 =041 ##$$a Ind =082 ##$$a 813 =090 ##$$a 813, Mih a =100 ##$$a Miharja, Krishna =245 ##$$a Aku seorang pilot, Krihna miharja =260 ##$$a 2000 $b Yogyakarta =300 ##$$a xi, 99 hlm, Ilus, 28 cm =650 ##$$a Fiksi Indonesia =850 ##$$a NBPNMAT